| 000 | 00568cam a2200193 4500500 | ||
|---|---|---|---|
| 005 | 20260405003544.0 | ||
| 041 | _afre | ||
| 042 | _adc | ||
| 100 | 1 | 0 |
_aDurand, Jean-Marie _eauthor |
| 245 | 0 | 0 | _aÉloge du danger. Propositions II |
| 260 | _c2022. | ||
| 500 | _a79 | ||
| 690 | _aDanger | ||
| 690 | _aLaurent de Sutter | ||
| 690 | _aOrdre | ||
| 690 | _aRisque | ||
| 786 | 0 | _nPhilosophie magazine | 162 | 9 | 2022-09-01 | p. 65-65 | 1951-1787 | |
| 856 | 4 | 1 | _uhttps://shs.cairn.info/magazine-philosophie-magazine-2022-9-page-65?lang=fr&redirect-ssocas=7080 |
| 999 |
_c2068684 _d2068684 |
||